[Event "TCh-Eur Seniors"]
[Site "Dresden GER"]
[Date "2010.02.14"]
[Round "5"]
[White "Mishuchkov,N"]
[Black "Tatai,S"]
[Result "1/2-1/2"]
[WhiteElo "2396"]
[BlackElo "2348"]

1.Nf3 Nf6 2.c4 b6 3.g3 Bb7 4.Bg2 c5 5.O-O g6 6.Nc3 Bg7 7.d4 cxd4 8.Qxd4 O-O
9.Qh4 d6 10.Bh6 Nbd7 11.Rfd1 Rc8 12.b3 Rc5 13.Ng5 Bxg2 14.Kxg2 Nh5 15.Bxg7 Kxg7
16.Nge4 Rc6 17.Nd5 Nhf6 18.Rd4 Nxd5 19.Rxd5 Nc5 20.Rad1 Nxe4 21.Qxe4 Qd7
22.h4 Qe6 23.Qf3 Qf6 24.Qe3 h5 25.R1d4 e5 26.Rd2 Re8 27.Qf3 Qxf3+ 28.Kxf3 Re6
29.e4 Kf6 30.Ke3 Ke7 31.f4 Rc5 32.Kd3 f5 33.Re2 fxe4+ 34.Rxe4 exf4 35.Rxf4 Rxd5+
36.cxd5 Re5 37.Kd4 Re2 38.a4 Rd2+ 39.Kc4 Rg2 40.Rf3 a6 41.Re3+ Kd7 42.Kd4 Rd2+
43.Ke4 Rd1 44.Rc3 Re1+ 45.Kf4 Re5 46.Rc6 Rxd5 47.Rxb6 a5 48.Ke4 Rc5 49.Rb7+  1/2-1/2

[Event "9th Aeroflot Open A"]
[Site "Moscow RUS"]
[Date "2010.02.14"]
[Round "6"]
[White "Iturrizaga,E"]
[Black "Melkumyan,H"]
[Result "1-0"]
[WhiteElo "2616"]
[BlackElo "2583"]

1.Nf3 Nf6 2.c4 b6 3.g3 c5 4.Bg2 Bb7 5.O-O g6 6.b3 Bg7 7.Bb2 O-O 8.d3 d5 9.cxd5 Qxd5
10.e4 Qd7 11.e5 Nd5 12.d4 cxd4 13.Qxd4 Nc6 14.Qh4 Qf5 15.Nc3 Nxc3 16.Bxc3 Rfd8
17.Rac1 h6 18.Rfe1 e6 19.Nd2 Rac8 20.Nc4 g5 21.Qh5 Qd3 22.Nd6 Rxd6 23.exd6 Qxd6
24.Red1 Qe7 25.Bxg7 Kxg7 26.Qe2 e5 27.Qg4 Rc7 28.h4 Nd4 29.hxg5 Rxc1 30.Rxc1 Bxg2
31.gxh6+ Kxh6 32.Kxg2  1-0

[Event "11th EICC Men"]
[Site "Rijeka CRO"]
[Date "2010.03.17"]
[Round "11"]
[White "Bartel,Mat"]
[Black "Popilski,G"]
[Result "1/2-1/2"]
[WhiteElo "2634"]
[BlackElo "2441"]

1.c4 c5 2.Nf3 b6 3.g3 Bb7 4.Bg2 Nf6 5.O-O g6 6.Nc3 Bg7 7.d3 d5 8.cxd5 Nxd5
9.Bd2 O-O 10.Qb3 Nc7 11.a4 Nc6 12.a5 Nb4 13.Qc4 h6 14.Rfc1 e5 15.Qh4 Qxh4
16.Nxh4 Bxg2 17.Nxg2 Ne6 18.Ne1 Nd4 19.Ra3 Rad8 20.Kf1 f5 21.axb6 axb6 22.Na4 Rb8
23.e3 Ndc6 24.Bxb4 Nxb4 25.Nc2 e4 26.dxe4 b5 27.Nxc5 Bxb2 28.Rb3 Bxc1 29.Nxb4 Rfc8
30.Nbd3 fxe4 31.Nxe4 Rc4 32.Nd6 Rc6 33.Nxb5 Bxe3 34.Ne5 Rc1+ 35.Kg2 Bxf2
36.Kxf2 Rc5 37.Nxg6 Rcxb5 38.Rxb5 Rxb5 39.Kf3 Kf7 40.Nf4 Kf6 41.Kg4 Rg5+
42.Kh4 Ke5 43.h3 Kf5 44.Nh5 Ke4 45.g4 Kf3 46.Ng3  1/2-1/2

[Event "4NCL 2009-10"]
[Site "Hinckley Island ENG"]
[Date "2010.03.27"]
[Round "7"]
[White "Cooper,J"]
[Black "D'Costa,L"]
[Result "1-0"]
[WhiteElo "2346"]
[BlackElo "2479"]

1.Nf3 Nf6 2.c4 b6 3.g3 c5 4.Bg2 Bb7 5.O-O g6 6.d4 cxd4 7.Qxd4 Bg7 8.Nc3 O-O
9.Qh4 d6 10.Bh6 Nbd7 11.Bxg7 Kxg7 12.Rfd1 Rc8 13.b3 Rc5 14.Qd4 Qa8 15.Rac1 Rfc8
16.Bh3 Rd8 17.b4 Rcc8 18.Nd2 h5 19.e4 h4 20.Nd5 hxg3 21.hxg3 e6 22.Ne7 Rc7
23.Qxd6 Ne8 24.Qf4 Nf8 25.Nd5 exd5 26.cxd5 Qb8 27.Nc4 Nd7 28.e5 b5 29.e6 Ndf6
30.Ne5 Rxc1 31.Rxc1 Rxd5 32.Re1 Nd6 33.Nxf7 Qf8 34.Qh6+ Kg8 35.Qh8+  1-0

[Event "ch-VIE"]
[Site "Ho Chi Minh City VIE"]
[Date "2010.03.27"]
[Round "3"]
[White "Nguyen Van Huy"]
[Black "Ly Hong Nguyen"]
[Result "1/2-1/2"]
[WhiteElo "2419"]
[BlackElo "2308"]

1.Nf3 c5 2.c4 Nf6 3.g3 b6 4.Bg2 Bb7 5.O-O g6 6.Nc3 Bg7 7.d4 cxd4 8.Qxd4 O-O
9.Qh4 d6 10.Bh6 Nbd7 11.Rac1 Rc8 12.Bxg7 Kxg7 13.Rfd1 Qc7 14.b3 Qc5 15.Qf4 Qa5
16.Ne1 Bxg2 17.Nxg2 Qe5 18.Qd2 Ne4 19.Nxe4 Qxe4 20.Rc3 Nf6 21.Nf4 Qb7 22.f3 Rc5
23.Rdc1 Rfc8 24.Kg2 Kg8 25.h4 b5 26.Nd3 R5c6 27.cxb5 Qxb5 28.Rxc6 Rxc6 29.a4 Qb7
30.b4 Rxc1 31.Qxc1 e5 32.b5 Qb6 33.Qc4 Qe3 34.Nf2 Kg7 35.a5 d5 36.Qd3 Qc5
37.Qb3 Nd7 38.Qa4 Qc7 39.Nd3 h5 40.Qa2 e4 41.Nf4 exf3+ 42.exf3 d4 43.Qd2 Qc4
44.Qb2 Kh7 45.b6 axb6 46.axb6 d3 47.b7 Qc2+ 48.Qxc2 dxc2 49.Ne2 Kg8 50.g4 Kf8
51.Kg3 Ke7 52.Kf4 Kd8 53.gxh5 gxh5 54.Kg5 Kc7 55.Kxh5 Kxb7 56.Kg5 Kc7 57.h5 Kd6
58.h6 f6+ 59.Kf5 Nf8 60.Kxf6 Nh7+ 61.Kg6 Nf8+ 62.Kf7 Ne6 63.Kg8 Nf4 64.Nc1 Ke7
65.h7 Ng6 66.Kg7 Nh8 67.Nd3 Ke8 68.Kf6 Kf8 69.Nc1 Nf7 70.Ne2 Nh8 71.f4 Nf7
72.Nc1 Nh8 73.Nd3 Nf7 74.f5 Nh8 75.Nc1 Nf7 76.Ne2 Nh8 77.Nc1 Nf7  1/2-1/2

[Event "33rd Open"]
[Site "Donostia ESP"]
[Date "2010.03.29"]
[Round "2"]
[White "Corral Sierra,J"]
[Black "Ulibin,M"]
[Result "0-1"]
[WhiteElo "2123"]
[BlackElo "2516"]

1.Nf3 c5 2.c4 Nf6 3.g3 b6 4.Bg2 Bb7 5.O-O g6 6.Nc3 Bg7 7.d4 cxd4 8.Nxd4 Bxg2
9.Kxg2 Qc8 10.b3 Nc6 11.Bb2 Qb7 12.Kg1 O-O 13.Nf3 a6 14.a4 Rfd8 15.Qb1 Na5
16.Qa2 e6 17.Rfd1 d5 18.cxd5 exd5 19.Nd4 Rd7 20.Rac1 Rad8 21.Rc2 Ne4 22.Nxe4 dxe4
23.e3 Nc6 24.Rcd2 Ne5 25.Qa1 h5 26.h4 Rd5 27.Kg2 Nf3 28.Nxf3  0-1

[Event "ch-VIE Playoff"]
[Site "Ho Chi Minh City VIE"]
[Date "2010.04.03"]
[Round "2.2"]
[White "Nguyen Van Huy"]
[Black "Cao Sang"]
[Result "1/2-1/2"]
[WhiteElo "2419"]
[BlackElo "2557"]

1.Nf3 Nf6 2.c4 b6 3.g3 Bb7 4.Bg2 c5 5.O-O g6 6.Nc3 Bg7 7.d4 cxd4 8.Qxd4 d6
9.b3 Nc6 10.Qf4 O-O 11.Bb2 a6 12.Rfd1 Nd7 13.Qd2 Na5 14.Rac1 Rb8 15.Nd5 Bxb2
16.Qxb2 b5 17.Qd2 bxc4 18.bxc4 Nc6 19.Qh6 f6 20.Nf4 Qe8 21.Ne6 Rf7 22.Rb1 Nd8
23.Nc7 Qf8 24.Qe3 Nc5 25.Nd5 e6  1/2-1/2

[Event "ch-SRB"]
[Site "Kragujevac SRB"]
[Date "2010.04.25"]
[Round "7"]
[White "Bogosavljevic,B"]
[Black "Lajthajm,B"]
[Result "1-0"]
[WhiteElo "2531"]
[BlackElo "2504"]

1.Nf3 Nf6 2.c4 c5 3.g3 b6 4.Bg2 Bb7 5.O-O g6 6.d4 cxd4 7.Qxd4 Bg7 8.Nc3 O-O
9.Qh4 d6 10.Rd1 Nbd7 11.Be3 Rc8 12.Rac1 Re8 13.b3 Bc6 14.Bg5 Nc5 15.Nd5 Nce4
16.Bh3 Nxg5 17.Nxg5 h6 18.Bxc8 hxg5 19.Qh3 Ne4 20.Ba6 e6 21.Nb4 Ba8 22.Bb5 Qf6
23.Qf1 Rc8 24.f3 Qe5 25.Nd3 Nxg3 26.Nxe5 Nxf1 27.Ng4 f5 28.Bd7 Rf8 29.Bxe6+ Kh7
30.Kxf1 fxg4 31.Rxd6 Rf6 32.Rd8 gxf3 33.Bg8+ Kh6 34.Rxa8 g4 35.Bd5  1-0

[Event "ch-SRB"]
[Site "Kragujevac SRB"]
[Date "2010.04.27"]
[Round "9"]
[White "Tadic,Br"]
[Black "Lajthajm,B"]
[Result "1-0"]
[WhiteElo "2524"]
[BlackElo "2504"]

1.Nf3 Nf6 2.c4 c5 3.g3 b6 4.Bg2 Bb7 5.O-O g6 6.d4 cxd4 7.Qxd4 Bg7 8.Nc3 O-O
9.Qh4 d6 10.Rd1 Nbd7 11.Bh6 Rc8 12.b3 Rc5 13.Bxg7 Kxg7 14.b4 Rc8 15.Nd5 Nxd5
16.cxd5 Nf6 17.e4 Rc4 18.Nd4 b5 19.Qg5 Qd7 20.a3 h6 21.Qd2 Rfc8 22.Qb2 a6
23.f3 Ba8 24.Bf1 Rc3 25.Kg2 e5 26.Nc6 Nxe4 27.fxe4 R8xc6 28.dxc6 Qxc6 29.Qe2 Rc2
30.Rd2 Qxe4+ 31.Kf2 Qf5+ 32.Kg1 Bf3 33.Qe3 Rxd2 34.Qxd2 d5 35.Bg2 Bxg2 36.Kxg2 d4
37.Re1 h5 38.Qe2 f6 39.Qe4 Qd7 40.Rc1 Qe6 41.h4 Kh6 42.Rc7 Qa2+ 43.Qc2 Qd5+
44.Kh2 d3 45.Qd2+ g5 46.hxg5+ fxg5 47.Qf2 Kg6 48.g4 Qe6 49.Qc5 Qxg4 50.Qc6+  1-0

[Event "ch-SRB"]
[Site "Kragujevac SRB"]
[Date "2010.05.01"]
[Round "13"]
[White "Krstic,P"]
[Black "Pavlovic,Milos"]
[Result "1/2-1/2"]
[WhiteElo "2348"]
[BlackElo "2540"]

1.Nf3 Nf6 2.g3 b6 3.Bg2 Bb7 4.O-O g6 5.c4 c5 6.Nc3 Bg7 7.d4 cxd4 8.Nxd4 Bxg2
9.Kxg2 Qc7 10.Qd3 Nc6 11.Nxc6 Qxc6+ 12.Kg1 a6 13.Bg5 O-O 14.Rac1 e6 15.Rfd1 Ng4
16.Qxd7 Qxc4 17.b3 Qc5 18.Ne4 Qf5 19.f3 Nf6 20.Bxf6 Bxf6 21.Nxf6+ Qxf6 22.Qd4 Qxd4+
23.Rxd4 Rfd8 24.Rxd8+ Rxd8 25.Rc6  1/2-1/2

[Event "4NCL 2009-10"]
[Site "Sunningdale ENG"]
[Date "2010.05.03"]
[Round "11"]
[White "Mah,K"]
[Black "King,D"]
[Result "1-0"]
[WhiteElo "2417"]
[BlackElo "2494"]

1.Nf3 Nf6 2.g3 b6 3.Bg2 Bb7 4.c4 c5 5.O-O g6 6.Nc3 Bg7 7.d4 cxd4 8.Qxd4 d6
9.Rd1 Nbd7 10.Bd2 Rc8 11.Rac1 O-O 12.Qh4 Re8 13.b3 a6 14.Bh6 Bh8 15.Bh3 Rc5
16.Ng5 Qb8 17.b4 Rcc8 18.Qf4 e6 19.Nd5 Rcd8 20.Nxf6+ Nxf6 21.Nf3 Ne4 22.Ng5 Nf6
23.Nf3 Rd7 24.Bg2 Bg7 25.Bxg7 Kxg7 26.Ne1 Bxg2 27.Kxg2 b5 28.a3 Rc8 29.c5 Qb7+
30.f3 dxc5 31.Rxd7 Nxd7 32.bxc5 Qd5 33.Nd3 Nxc5 34.Qe3 Nxd3 35.Rxc8 Ne5 36.Rc5 Nc4
37.Qc3+  1-0

[Event "Chladek & Tintera Open"]
[Site "Hradec Kralove CZE"]
[Date "2010.05.19"]
[Round "5"]
[White "Portych,V"]
[Black "Bielavsky,J"]
[Result "1/2-1/2"]
[WhiteElo "1801"]
[BlackElo "2019"]

1.c4 c5 2.Nf3 Nf6 3.g3 b6 4.Bg2 Bb7 5.O-O g6 6.Nc3 Bg7 7.b3 O-O 8.Bb2 d6
9.d4 cxd4 10.Nxd4 Bxg2 11.Kxg2 Qd7 12.e3 Nc6 13.Kg1 Qh3 14.f3 Rac8 15.Qd2 Rfd8
16.Nxc6 Rxc6 17.e4 Qd7 18.Nd5 Nxd5 19.exd5 Rc5 20.Bxg7 Kxg7 21.a4 a6 22.Rfe1 Rdc8
23.Re4 b5 24.axb5 axb5 25.Rh4 h5 26.Rc1 bxc4 27.Rxh5  1/2-1/2

[Event "2nd SCS Open"]
[Site "Bhubaneswar IND"]
[Date "2010.05.24"]
[Round "5"]
[White "Kovalyov,A"]
[Black "Lalith,B"]
[Result "1-0"]
[WhiteElo "2615"]
[BlackElo "2493"]

1.Nf3 Nf6 2.c4 b6 3.g3 c5 4.Bg2 Bb7 5.O-O g6 6.Nc3 Bg7 7.d4 cxd4 8.Qxd4 d6
9.Be3 Nbd7 10.Rac1 Rc8 11.b3 a6 12.Rfd1 O-O 13.Qh4 Rc7 14.Bg5 Qa8 15.Nd5 Nxd5
16.cxd5 Rxc1 17.Bxc1 Nf6 18.e4 Qc8 19.Nd4 Re8 20.h3 Qd7 21.Be3 Rc8 22.Kh2 Rc3
23.Rd2 Qc7 24.Ne2 Rc2 25.Bxb6 Qc8 26.Qf4 Nd7 27.Bd4 a5 28.Bxg7 Kxg7 29.Qe3 Ba6
30.Nd4 Rxd2 31.Qxd2 Qc5 32.Nc6 Ne5 33.Nxa5 Nd3 34.Nc6  1-0

[Event "III Copa Roggio A"]
[Site "Asuncion PAR"]
[Date "2010.05.28"]
[Round "8"]
[White "Diaz Hollemaert,N"]
[Black "Morovic Fernandez,I"]
[Result "1/2-1/2"]
[WhiteElo "2451"]
[BlackElo "2552"]

1.Nf3 Nf6 2.g3 b6 3.Bg2 Bb7 4.O-O c5 5.c4 g6 6.b3 Bg7 7.Bb2 O-O 8.Nc3 Na6
9.d4 d5 10.cxd5 Nxd5 11.Nxd5 Bxd5 12.Qd3 Nb4 13.Qd2 Nc6 14.Rfd1 cxd4 15.Nxd4 Bxg2
16.Kxg2 Nxd4 17.Bxd4 Qd5+ 18.Kg1 Rfd8 19.e3 Bxd4 20.Qxd4 Qxd4 21.Rxd4 Rxd4
22.exd4 Rc8 23.Re1 Kf8 24.Re2 Ke8 25.Rd2 Kd7 26.Kf1 Kd6 27.Ke2 Rc1 28.Kd3 g5
29.f3 h5 30.Rc2 Rh1 31.Ke3 f5 32.Kd3 e6 33.Ke3 a5 34.Kd3 Kd5 35.Re2 Rd1+
36.Kc3 Rc1+ 37.Kd3 Rd1+ 38.Kc3 Rf1 39.Re5+ Kd6 40.Rb5 Kc6 41.Re5 Kd6 42.Rb5 Kc7
43.Re5 Kd7 44.Kc4 Rxf3 45.Rb5 Rf2 46.Rxb6 Rxa2 47.d5 exd5+ 48.Kxd5 Rxh2 49.Rb7+ Kc8
50.Rg7 g4 51.Rg5 Rh3 52.Kc6 Kd8 53.Kd6 Ke8 54.Ke6 Kf8 55.Rxf5+ Kg7 56.Rf7+ Kg8
57.Rf5 Rxg3 58.Rxh5 Kg7 59.Kf5 Rxb3 60.Kxg4 a4 61.Ra5 a3 62.Kf4 Rh3 63.Ke4 Rh4+
64.Kd3 Rh2 65.Kc3 a2 66.Kb3  1/2-1/2

[Event "XXIX Open A"]
[Site "Zalakaros HUN"]
[Date "2010.06.02"]
[Round "8"]
[White "Fodor,T jr"]
[Black "Medvegy,Z"]
[Result "1-0"]
[WhiteElo "2420"]
[BlackElo "2518"]

1.Nf3 Nf6 2.c4 b6 3.g3 Bb7 4.Bg2 c5 5.O-O g6 6.Nc3 Bg7 7.Re1 Ne4 8.Nxe4 Bxe4
9.d4 O-O 10.d5 e6 11.Nd2 Bxg2 12.Kxg2 e5 13.e4 d6 14.Nf3 Nd7 15.h4 Nf6 16.a4 Qd7
17.Ra3 Nh5 18.Ng5 Qe8 19.Nh3 Nf6 20.Rf3 a5 21.b3 Qd7 22.Qe2 Qg4 23.Bg5 Nh5
24.Rxf7 Qxe2 25.Rxf8+ Rxf8 26.Rxe2 h6 27.Be7 Rf7 28.Bxd6 Rd7 29.Bb8 Rb7 30.g4 Rxb8
31.gxh5 gxh5 32.f4  1-0

[Event "45th Capablanca Mem Open"]
[Site "Havana CUB"]
[Date "2010.06.16"]
[Round "6"]
[White "Rasmussen,Kar"]
[Black "Guerra Mendez,J"]
[Result "1/2-1/2"]
[WhiteElo "2428"]
[BlackElo "2471"]

1.Nf3 Nf6 2.c4 b6 3.g3 Bb7 4.Bg2 c5 5.O-O g6 6.b3 Bg7 7.Bb2 O-O 8.e3 d5 9.cxd5 Nxd5
10.Bxg7 Kxg7 11.d4 Na6 12.Na3 Nf6 13.Qe2 e6 14.Rfd1 Qe7 15.Nc4 Rfd8 16.Nce5 Ne4
17.Rac1 f6 18.Nc4 Rac8 19.Ne1 Ng5 20.h4 Nf7 21.Nf3 Rc7 22.e4 Rcd7 23.dxc5 Nxc5
24.e5 f5 25.Rxd7 Rxd7 26.Rd1 Ne4 27.Rxd7 Qxd7 28.Qb2 Qd1+ 29.Kh2 Nh6 30.Ne3 Qd7
31.Qd4 Bd5 32.Kg1 Nf7 33.Nd2 Bc6 34.Qxd7 Bxd7 35.Bxe4 fxe4 36.Ng4 Bc6 37.Kf1 h5
38.Nf6 Nxe5 39.Nfxe4 Nd3 40.Nc3  1/2-1/2

[Event "4th Open"]
[Site "Varna BUL"]
[Date "2010.06.20"]
[Round "9"]
[White "Musayev,Eldar"]
[Black "Babazade,Jav"]
[Result "1/2-1/2"]
[WhiteElo "2195"]
[BlackElo "2056"]

1.Nf3 Nf6 2.c4 c5 3.g3 b6 4.Bg2 Bb7 5.O-O g6 6.b3 Bg7 7.Bb2 O-O 8.d4 Ne8
9.Qd2 e6 10.Na3 d6 11.Rfd1 Qe7 12.Nb5 a6 13.Nc3 Nc6 14.Na4 Nxd4 15.Nxd4 cxd4
16.Bxd4 b5 17.cxb5 Bxg2 18.Kxg2 axb5 19.Nc3 b4 20.Na4 Rb8 21.Bxg7 Kxg7 22.Rac1 d5
23.Rc6 Nd6 24.Rdc1 Rfc8 25.Nb2 Rxc6 26.Rxc6 Ne4 27.Qc2 Nc3 28.Rxc3 bxc3 29.Qxc3+ e5
30.Nd3 d4 31.Qc4 Qb7+ 32.f3 Qb5 33.Qxb5 Rxb5 34.b4 Kf6 35.a4 Rb8 36.a5 Ke6
37.Kf2 Kd5 38.e4+ dxe3+ 39.Kxe3 f5 40.a6 g5 41.Nc5 Kc6 42.Nd3 Rb5 43.g4 fxg4
44.fxg4 Kb6 45.Ke4 Kxa6 46.Nxe5 Rxb4+ 47.Kf5 Rb2 48.Kxg5 Rxh2 49.Kf6 Rh6+
50.Kf7 Kb7 51.g5 Ra6 52.Kg7 Re6 53.Kxh7 Rxe5 54.g6 Rh5+ 55.Kg8 Kc7 56.g7 Kd6
57.Kf7  1/2-1/2

[Event "XXXIII Open"]
[Site "Barbera del Valles ESP"]
[Date "2010.07.08"]
[Round "5"]
[White "Bruzon Batista,L"]
[Black "Fedorchuk,S"]
[Result "1/2-1/2"]
[WhiteElo "2653"]
[BlackElo "2665"]

1.Nf3 Nf6 2.c4 b6 3.g3 c5 4.Bg2 Bb7 5.O-O g6 6.d4 cxd4 7.Qxd4 Bg7 8.Nc3 d6
9.Be3 Nbd7 10.Rac1 Rc8 11.b3 O-O 12.Qd2 Ne4 13.Nxe4 Bxe4 14.Rfd1 Qc7 15.Bh3 Bxf3
16.exf3 Ne5 17.Qe2 e6 18.Bg2 Rfd8 19.h4 Rd7 20.Rc2 d5 21.f4 d4 22.Bxd4 Rcd8
23.fxe5 Rxd4 24.Rxd4 Rxd4 25.b4 Qxe5 26.Qxe5  1/2-1/2

[Event "ch-NOR"]
[Site "Fredrikstad NOR"]
[Date "2010.07.08"]
[Round "7"]
[White "Lie,Es"]
[Black "Urkedal,F"]
[Result "1/2-1/2"]
[WhiteElo "2464"]
[BlackElo "2414"]

1.Nf3 Nf6 2.g3 b6 3.Bg2 Bb7 4.O-O c5 5.c4 g6 6.Nc3 Bg7 7.Re1 Ne4 8.Nxe4 Bxe4
9.d3 Bb7 10.e4 Nc6 11.Rb1 O-O 12.Be3 d6 13.d4 cxd4 14.Nxd4 Nxd4 15.Bxd4 Bxd4
16.Qxd4 Qc7 17.Rbc1 Qc5 18.Qd2 a5 19.Rc3 a4 20.Qe3 Rfc8 21.e5 Bxg2 22.Kxg2 dxe5
23.Qxe5 e6 24.Qf6 Qb4 25.b3 axb3 26.axb3 Rc5 27.g4 Rc7 28.Rd1 Qe7 29.Qxe7 Rxe7
30.Rd6 Rb7 31.Rcd3 Ra2 32.Rd8+ Kg7 33.Rc8 g5 34.Kg3 Rc2 35.Rc6 Kg6 36.h3 h5
37.f4 hxg4 38.hxg4 gxf4+ 39.Kxf4 Kf6 40.Rc8 Re2 41.g5+ Ke7 42.Rdd8 Rf2+ 43.Ke4 Rb2
44.b4 Rxb4 45.Ke5 Rxc4 46.Re8+ Kd7 47.Red8+ Ke7  1/2-1/2

[Event "4th LCT"]
[Site "Leiden NED"]
[Date "2010.07.13"]
[Round "5"]
[White "Lalith,B"]
[Black "Ducarmon,Q"]
[Result "1-0"]
[WhiteElo "2502"]
[BlackElo "2225"]

1.Nf3 Nf6 2.c4 b6 3.g3 c5 4.Bg2 Bb7 5.O-O g6 6.Nc3 Bg7 7.d4 cxd4 8.Qxd4 d6
9.Be3 Nbd7 10.Rac1 O-O 11.Qh4 Rc8 12.b3 a6 13.Rfd1 Rc7 14.Ne1 Qb8 15.Bh3 e6
16.Bf4 Ne8 17.Bh6 Bxh6 18.Qxh6 Ndf6 19.Qe3 Ba8 20.Bg2 Bxg2 21.Nxg2 b5 22.cxb5 axb5
23.Qd3 b4 24.Na4 d5 25.Ne3 Ne4 26.Qd4 Rxc1 27.Rxc1 N8d6 28.f3 Nb5 29.Qxb4 Qa7
30.Nc5 Nec3 31.Rxc3 Nxc3 32.Qxc3 Rd8 33.Qf6 Rc8 34.b4 h5 35.a4 Qb8 36.Nxe6  1-0

[Event "6th WSCC U17"]
[Site "Kayseri TUR"]
[Date "2010.07.29"]
[Round "8"]
[White "Javakhadze,Z"]
[Black "Komut,B"]
[Result "1-0"]
[WhiteElo "2354"]
[BlackElo "2012"]

1.Nf3 Nf6 2.c4 c5 3.g3 b6 4.Bg2 Bb7 5.O-O g6 6.Nc3 Bg7 7.d4 cxd4 8.Qxd4 d6
9.Be3 O-O 10.Qh4 Re8 11.g4 Na6 12.g5 Nd7 13.Rac1 Rc8 14.Rfd1 Qc7 15.b3 Qb8
16.Bh3 Rcd8 17.Nd5 Qa8 18.Nd4 Ne5 19.f4 Nc6 20.f5 Ncb4 21.fxg6 hxg6 22.Nxb4 Nxb4
23.Ne6 Nxa2 24.Bd4 Bc8 25.Bxg7  1-0

[Event "TCh-MNE Premier League"]
[Site "Cetinje MNE"]
[Date "2010.07.31"]
[Round "8"]
[White "Arsovic,Z"]
[Black "Lajthajm,B"]
[Result "1/2-1/2"]
[WhiteElo "2446"]
[BlackElo "2493"]

1.Nf3 Nf6 2.c4 c5 3.g3 b6 4.Bg2 Bb7 5.O-O g6 6.Nc3 Bg7 7.Re1 O-O 8.e4 Nc6
9.d3 d6 10.h3 Nd7 11.Bg5 h6 12.Be3 Nd4 13.Nh2 f5  1/2-1/2

[Event "19th Open"]
[Site "Kavala GRE"]
[Date "2010.08.03"]
[Round "5"]
[White "Harika,D"]
[Black "Botsari,A"]
[Result "1-0"]
[WhiteElo "2504"]
[BlackElo "2318"]

1.Nf3 Nf6 2.c4 b6 3.g3 Bb7 4.Bg2 c5 5.O-O g6 6.Nc3 Bg7 7.d4 cxd4 8.Qxd4 d6
9.Rd1 Nbd7 10.Be3 Rc8 11.Rac1 O-O 12.Qh4 a6 13.b3 Rc7 14.Bh6 Qb8 15.Bg5 Re8
16.e4 Nc5 17.Nd5 Bxd5 18.exd5 b5 19.b4 Nce4 20.c5 Nxg5 21.Nxg5 h6 22.Ne4 Nxe4
23.Qxe4 Rd8 24.Qe3 Qa7 25.Rc2 a5 26.c6 Qxe3 27.fxe3 axb4 28.Rb1 Bc3 29.a3 Ra8
30.axb4 Ra3 31.Bf1 e6 32.dxe6 fxe6 33.Bxb5 d5 34.Kg2 Kf7 35.Ba4 d4 36.exd4 Bxd4
37.Bb3 Ke7 38.b5 e5 39.Bg8 Bb6 40.Rf1 Rca7 41.Re2 Bd4 42.Bc4 Kd6 43.Rf6+ Kc5
44.Rc2 Rg7 45.Bf7+  1-0

[Event "Troya Open"]
[Site "Canakkale TUR"]
[Date "2010.08.15"]
[Round "9"]
[White "Celiker,Y"]
[Black "Sengul,C"]
[Result "1-0"]
[WhiteElo "2092"]
[BlackElo "2188"]

1.Nf3 Nf6 2.g3 b6 3.Bg2 Bb7 4.c4 c5 5.O-O g6 6.e3 Bg7 7.d4 O-O 8.Nc3 Ne4
9.Qd3 Nxc3 10.bxc3 d6 11.Nd2 Bxg2 12.Kxg2 Nc6 13.d5 Nb4 14.Qb1 Bxc3 15.Bb2 Bxb2
16.Qxb2 Qd7 17.a3 Na6 18.h4 h5 19.e4 Nc7 20.a4 Ne8 21.f4 Nf6 22.Rae1 Ng4
23.Qc2 a6 24.f5 Ne5 25.Nf3 Nxf3 26.Rxf3 f6 27.g4 hxg4 28.Rg3 gxf5 29.exf5 Kh7
30.Qe2 Rg8 31.Qxe7+ Qxe7 32.Rxe7+ Rg7 33.Re6 b5 34.Rxd6 bxc4 35.Rc3 Rb8 36.Rc2 Rb3
37.Rc6 Rf3 38.Rxc4 Rxf5 39.R6xc5 g3 40.Rc2 Rf4 41.R5c4 Rxc4 42.Rxc4 Kg6 43.Rg4+  1-0

[Event "TCh-SRB 1st League"]
[Site "Vrnjacka Banja SRB"]
[Date "2010.08.22"]
[Round "2"]
[White "Tadic,Br"]
[Black "Damljanovic,B"]
[Result "1-0"]
[WhiteElo "2543"]
[BlackElo "2541"]

1.Nf3 c5 2.c4 Nf6 3.g3 b6 4.Bg2 Bb7 5.O-O g6 6.d4 cxd4 7.Qxd4 Bg7 8.Nc3 d6
9.Rd1 Nbd7 10.Be3 Rc8 11.Rac1 Nc5 12.b4 Ne6 13.Qh4 h6 14.Nd4 Bxg2 15.Nxe6 fxe6
16.Kxg2 g5 17.Qd4 O-O 18.Qd3 Qe8 19.f3 Nd7 20.Bd4 Bxd4 21.Qxd4 Qg6 22.Ne4 Ne5
23.Nf2 Nc6 24.Qd2 Rf7 25.a3 Rcf8 26.Qd3 Qxd3 27.Rxd3 Rc8 28.c5 bxc5 29.bxc5 d5
30.Re3 Rf6 31.Ng4 Rg6 32.Rb3 Kf7 33.Rb7 h5 34.Nf2 Rgg8 35.Nd3 Rgd8 36.f4 g4
37.Ne5+ Kf6 38.Nxc6 Rxc6 39.Rxa7 Rb8 40.a4 Rb4 41.Kf2 Rc4 42.Rxc4 dxc4 43.Ra5 e5
44.fxe5+ Kxe5 45.Ke3 Kd5 46.Kd2 Kd4 47.e3+ Ke4 48.Kc3 e5 49.Kxc4 Rc8 50.Rb5 Kxe3
51.a5 e4 52.a6 Kf3 53.a7 Ra8 54.Rb7 e3 55.c6 e2 56.Rf7+ Kg2 57.Re7 Kf2 58.Rf7+ Kg2
59.Re7 Kf2 60.c7 h4 61.Kb5  1-0

[Event "TCh-SRB 1st League"]
[Site "Vrnjacka Banja SRB"]
[Date "2010.08.24"]
[Round "4"]
[White "Barlov,D"]
[Black "Marinkovic,I"]
[Result "1/2-1/2"]
[WhiteElo "2493"]
[BlackElo "2422"]

1.Nf3 Nf6 2.c4 c5 3.g3 b6 4.Bg2 Bb7 5.O-O g6 6.Nc3 Bg7 7.Re1 O-O 8.e4 Nc6
9.d3 d6 10.a3 Ne8  1/2-1/2

[Event "Open"]
[Site "Bratto ITA"]
[Date "2010.08.27"]
[Round "8"]
[White "Braga,F"]
[Black "Olszewski,Mi"]
[Result "1-0"]
[WhiteElo "2435"]
[BlackElo "2543"]

1.Nf3 Nf6 2.c4 c5 3.g3 b6 4.Bg2 Bb7 5.O-O g6 6.d4 cxd4 7.Qxd4 Bg7 8.Nc3 O-O
9.Qh4 d6 10.Bh6 Nbd7 11.Rfd1 Rc8 12.b3 Rc5 13.Ng5 Bxg2 14.Kxg2 Qa8+ 15.Kg1 Re8
16.a4 Bh8 17.Rac1 Rec8 18.e4 Re5 19.Qf4 Nc5 20.b4 Ne6 21.Nxe6 fxe6 22.f3 Rxc4
23.Nb5 Rxc1 24.Rxc1 a6 25.Rc7 axb5 26.Qc1 Ne8 27.Rc8 Rc5 28.Qf4  1-0

[Event "39th Olympiad Men"]
[Site "Khanty-Mansiysk RUS"]
[Date "2010.09.24"]
[Round "4"]
[White "Buhmann,R"]
[Black "Morovic Fernandez,I"]
[Result "1/2-1/2"]
[WhiteElo "2563"]
[BlackElo "2580"]

1.Nf3 Nf6 2.c4 b6 3.g3 c5 4.Bg2 Bb7 5.O-O g6 6.b3 Bg7 7.Bb2 O-O 8.Nc3 Na6
9.Rc1 d5 10.Nxd5 Nxd5 11.Bxg7 Kxg7 12.cxd5 Qxd5 13.d4 Rad8 14.dxc5 Nxc5 15.Qc2 Qf5
16.b4 Qxc2 17.Rxc2 Ne6 18.Rfc1 Rc8 19.Rxc8  1/2-1/2

[Event "39th Olympiad Men"]
[Site "Khanty-Mansiysk RUS"]
[Date "2010.09.29"]
[Round "8"]
[White "Macieja,B"]
[Black "Sargissian,G"]
[Result "0-1"]
[WhiteElo "2651"]
[BlackElo "2677"]

1.c4 Nf6 2.Nf3 b6 3.g3 c5 4.Bg2 Bb7 5.O-O g6 6.e3 Bg7 7.d4 O-O 8.Nc3 Ne4
9.Bd2 cxd4 10.exd4 Nxd2 11.Qxd2 Bxf3 12.Bxf3 Nc6 13.Ne2 e6 14.Rac1 Rc8 15.Rc3 Ne7
16.Rfc1 Nf5 17.Be4 Bh6 18.f4 Qf6 19.c5 Bg7 20.Rd3 Ne7 21.b4 Rfd8 22.b5 d6
23.c6 d5 24.Bf3 Nf5 25.a4 Rc7 26.a5 bxa5 27.Qxa5 Qe7 28.Rcd1 Nd6 29.Nc3 Nc4
30.Qa1 a6 31.bxa6 Rxc6 32.a7 Ra8 33.Nxd5 exd5 34.Bxd5 Rxa7 35.Qc1 Ra2 36.Bxc4 Qe2
37.R1d2 Rxc4 38.Rxe2 Rxc1+ 39.Kf2 Rxe2+ 40.Kxe2 Rc2+ 41.Kf3 Rxh2 42.d5 Rc2  0-1

[Event "39th Olympiad Men"]
[Site "Khanty-Mansiysk RUS"]
[Date "2010.10.01"]
[Round "10"]
[White "Lafuente,P"]
[Black "Bitoon,R"]
[Result "1/2-1/2"]
[WhiteElo "2565"]
[BlackElo "2447"]

1.Nf3 Nf6 2.c4 b6 3.g3 c5 4.Bg2 Bb7 5.O-O g6 6.Nc3 Bg7 7.d4 cxd4 8.Qxd4 O-O
9.Qh4 d6 10.Be3 Nbd7 11.Rac1 Rc8 12.b3 Re8 13.Rfd1 Qc7 14.Nd5 Qb8 15.Bh3 e6
16.Nc3 a6 17.Bh6 b5 18.Bf4 Ne5 19.Nxe5 dxe5 20.Bg5 Nh5 21.cxb5 axb5 22.Nxb5 h6
23.Be3 Ba8 24.Qa4 f5 25.Rxc8 Rxc8 26.Qa6 Kh7 27.Ba7 Qb7 28.Qxb7 Bxb7 29.Nd6 Ra8
30.Bc5 Bd5 31.Rd2 Bf8 32.Bf1 Nf6 33.Rc2 Ne4 34.Nxe4 Bxe4 35.Rc1 Bxc5 36.Rxc5 Rxa2
37.Rxe5 Bd5 38.b4 Rb2 39.b5 Kg7 40.f4 Rb1 41.Kf2 Bc4 42.Rc5 Bxb5 43.Rc7+ Kf6
44.Rb7 h5 45.Bg2 Rb3 46.Bf3 Ba4 47.Ra7 Bb5 48.h3 Be8 49.Rc7 Rb4 50.Ke3 Rb3+
51.Kf2 Rb4 52.h4 Ba4 53.Ra7 Be8 54.Ra8 Bd7 55.Ke3 Rb1 56.Ra7 Be8 57.Rc7 Ba4
58.Rc4 Be8 59.Kf2 Bb5 60.Rc7 Be8 61.Rc8 Bd7 62.Rd8 Ba4 63.Rd6 Ke7 64.Ra6  1/2-1/2

[Event "21st Open"]
[Site "Goch GER"]
[Date "2010.10.02"]
[Round "4.2"]
[White "Schebler,G"]
[Black "Daurelle,H"]
[Result "1-0"]
[WhiteElo "2474"]
[BlackElo "2279"]

1.Nf3 Nf6 2.g3 b6 3.Bg2 Bb7 4.O-O c5 5.c4 g6 6.Nc3 Bg7 7.d4 cxd4 8.Qxd4 d6
9.b3 Nbd7 10.Bb2 Rc8 11.Ne1 Bxg2 12.Nxg2 O-O 13.Ne3 Nc5 14.Ncd5 Ne8 15.Qd2 Ne4
16.Qc2 Bxb2 17.Qxb2 N8f6 18.Rad1 Qd7 19.f3 Nxd5 20.Nxd5 Nc5 21.Rd4 Rfe8 22.Rh4 Qe6
23.Qd2 f5 24.e4 fxe4 25.Qh6 Qf7 26.fxe4 Qg7 27.Qxg7+ Kxg7 28.Rhf4 Rf8 29.Nxe7 Rxf4
30.Nxc8 Rxf1+ 31.Kxf1 Nxe4 32.Nxa7 Nc3 33.Nc8 Nxa2 34.Nxb6 Kf6 35.Nd5+ Ke5
36.b4 Nc1 37.b5 Nb3 38.Kf2 Kd4 39.Ne3 Ke4 40.h4 h5 41.Nd5 Kd4 42.Nf4 Kxc4
43.b6 Nc5 44.Nxg6 Kb5 45.Nf4 Kxb6 46.Nxh5 Kc7 47.Nf4 Kd7 48.g4 Ke7 49.g5 Kf7
50.Kf3 Nd7 51.Ke4 Ne5 52.Kf5 Nf3 53.h5 Kg7 54.h6+ Kh7 55.Kg4 Ne5+ 56.Kh5 d5
57.g6+ Nxg6 58.Nxg6 d4 59.Ne5 d3 60.Nxd3 Kh8 61.Kg6 Kg8 62.Ne5  1-0